| 000 | 01094nam a22003377a 4500 | ||
|---|---|---|---|
| 003 | CHAP | ||
| 005 | 20220329135833.0 | ||
| 008 | 971013s r 00010 d | ||
| 010 | _a43048 | ||
| 011 | _a44020 | ||
| 035 | _a48158 | ||
| 040 | _cCHAP | ||
| 090 | _aFolleto 9016 | ||
| 100 | 0 | 0 |
_aSabau García, Hernán. _9101097 |
| 245 | _aPaquete econométrico para microcomputadoras CIDE. (PEMCIDE) el programa archivo | ||
| 260 |
_aMéxico, D.F. : _bCIDE, _c(198?) |
||
| 300 | _a140 p. | ||
| 490 |
_aEconomics. Working paper _v; 8305-A |
||
| 590 |
_aBATCH-UPD _b10 _c20130109 _lUCH01 _h2339 |
||
| 590 |
_aBATCH-UPD _b10 _c20130110 _lUCH01 _h1616 |
||
| 590 |
_aBATCH-UPD _b10 _c20130410 _lUCH01 _h1010 |
||
| 590 |
_aBATCH-UPD _b10 _c20130914 _lUCH01 _h1257 |
||
| 590 |
_aCONVERSION _b10 _c20130109 _lUCH01 _h1324 |
||
| 650 | 1 | 4 |
_aEconometría. _935201 |
| 650 | 1 | 4 |
_aMicrocomputadoras. _975505 |
| 650 | 1 | 4 |
_aProgramación (Computadoras) _992368 |
| 830 | 0 |
_aEconomics. Working paper _v; 8305-A _935222 |
|
| 901 | _aBK | ||
| 942 | _cFOLL | ||
| 949 |
_aFolleto 9016 _bBC _cFOLL _d-109250 _eTS1 _i48158 _si |
||
| 999 |
_c43048 _d43048 |
||